000 00658nam a2200205 i 4500
001 bgj
245 1 0 _a"Farbige weithin sichtbare Signalzeichen" :
_bder Briefwechsel zwischen Carl Ossietzky und Kurt Tucholsky aus dem Jahr 1932 /
_cmit einem Nachwort hrsg. von Dietger Pforte.
260 _aBerlin :
_bAkademie der Künste,
_c1985.
300 _a63 s. :
_bil. ;
_c22 cm.
490 1 _aAnmerkungen zur Zeit
_v25
650 9 _aLiteratura niemiecka
700 1 _aPFORGE, Dietger.
830 _aAnmerkungen zur Zeit
040 _cBPK
041 0 _ager
044 _aDEU
080 _a821.112.2
942 _cKS
008 s gw f |000 0 ger
999 _c49943
_d49943
856 _uhttp://koha.tu.koszalin.pl/cgi-bin/koha/opac-detail.pl?biblionumber=49943
_yKatalog online BPK